00313 a2200109 4500020001800000082001800018100003000036245004600066260004300112300001900155650002900174 a9789693522259 a891.4393bYAH aBaba, Muhammad Yahya Khan aPiya Rang KalacBaba, Muhammad Yahya Khan aLahorebSang-e-Meel Publicationsc2012 a723 p.c25 cm. a1. Urdu Literature-Novel